[Event "Regionalliga SW9798"]
[Site "Bayern"]
[Date "1997.??.??"]
[Round "?"]
[White "Wittke, Volker"]
[Black "Seibold, Thomas"]
[Result "0-1"]
[WhiteElo "2095"]
[BlackElo "2050"]

1.e4 d6 2.d4 g6 3.Nc3 Bg7 4.Be3 a6 5.Qd2 b5 6.Bd3 Nd7 7.f4 c5 8.Nf3 Bb7 9.a3 Ngf6
10.d5 Ng4 11.Bg1 O-O 12.h3 Ngf6 13.Bf2 Rc8 14.O-O c4 15.Be2 Nc5 16.Bxc5 Rxc5
17.Nd4 Nxe4 18.Nxe4 Rxd5 19.c3 Rxd4 20.cxd4 Bxe4 21.d5 h5 22.Rad1 Qb6+ 23.Kh2 Rc8
24.Bf3 Bd3 25.Be2 Bf5 26.g4 hxg4 27.Bxg4 Bxg4 28.hxg4 c3 29.bxc3 Rxc3 30.Rc1 Rc4
31.Qe2 Qd4 32.Rcd1 Qf6 33.Kg3 g5 34.Qe3 gxf4+ 35.Rxf4 Qg5 36.Re4 Be5+ 37.Kg2 Rc2+
38.Kf1 Qf6+ 39.Kg1 Qh4 40.Rd2 Rc1+  0-1

[Event "Regionalliga SW9798"]
[Site "Bayern"]
[Date "1997.??.??"]
[Round "?"]
[White "Schulz, Juergen"]
[Black "Bergmueller, Horst"]
[Result "1-0"]
[WhiteElo "2040"]
[BlackElo "1800"]

1.e4 d6 2.d4 g6 3.Nc3 Bg7 4.Be3 e5 5.dxe5 dxe5 6.Qxd8+ Kxd8 7.O-O-O+ Bd7
8.Bc4 Nh6 9.h3 c6 10.a3 Re8 11.g4 f6 12.Nf3 Kc7 13.g5 Ng8 14.Bf7 Rf8 15.Bb3 Na6
16.Rd3 f5 17.Rhd1 Rad8 18.Bxa7 Ne7 19.Bb6+ Kxb6 20.Rxd7 Rxd7 21.Rxd7 fxe4
22.Rxe7 exf3 23.Rxg7 Nc5 24.Na4+  1-0

[Event "Regionalliga SW9697"]
[Site "Bayern"]
[Date "1997.??.??"]
[Round "?"]
[White "Lux, Werner"]
[Black "Wolf, Gerhard"]
[Result "1/2-1/2"]
[WhiteElo "1735"]
[BlackElo "2005"]

1.e4 d6 2.d4 g6 3.Nc3 Bg7 4.Be2 Nd7 5.Be3 a6 6.Qd2 e6 7.O-O-O b6 8.f4 Bb7
9.Nf3 Ne7 10.g4 Nf6 11.f5 exf5 12.gxf5 Nxe4 13.Nxe4 Bxe4 14.fxg6 hxg6 15.Rhf1 f6
16.Kb1 Qd7 17.Rg1 Bb7 18.Rdf1 O-O-O 19.Bd3 Qe8 20.c4 Kb8 21.d5 Bc8 22.Nd4 Rh3
23.Re1 Qf7 24.Bf4 Bd7 25.Re2 f5 26.Ne6 Bxe6 27.Rxe6 Bf6 28.Rge1 Nc8 29.c5 dxc5
30.Bxa6 Nd6 31.Bxd6 Rxd6 32.Bb5  1/2-1/2

[Event "Landesliga Sued9798"]
[Site "Bayern"]
[Date "1997.??.??"]
[Round "?"]
[White "Vuckovic, Aleksandar"]
[Black "Terzic, Safet"]
[Result "1/2-1/2"]
[WhiteElo "2320"]
[BlackElo "2350"]

1.e4 g6 2.d4 Bg7 3.Nc3 d6 4.f4 Na6 5.Be3 Nf6 6.Nf3 O-O 7.Be2 c5 8.Qd2 Qa5
9.h3 cxd4 10.Bxd4 Rd8 11.Rd1 Bd7 12.O-O Bc6 13.Qe3 Nc7 14.f5 e5 15.fxe6 Nxe6
16.Bc4 Nxd4 17.Nxd4 Qc5 18.Bb3 Re8 19.Rf3 Qe5 20.Nxc6 bxc6 21.Qd3 Rad8 22.Qc4 Nxe4
23.Nxe4 d5 24.Qxc6 dxe4 25.Rxf7 Kh8 26.Rdd7 Rxd7 27.Qxd7 Qd4+ 28.Qxd4 Bxd4+
29.Kf1 Rd8 30.Re7 e3 31.Bc4 Rf8+ 32.Rf7 Rxf7+ 33.Bxf7  1/2-1/2

[Event "Oberliga Bayern9798"]
[Site "Bayern"]
[Date "1997.??.??"]
[Round "?"]
[White "Delitzsch, Juergen"]
[Black "Reich, Thomas"]
[Result "0-1"]
[WhiteElo "2235"]
[BlackElo "2295"]

1.e4 d6 2.d4 g6 3.Nc3 Bg7 4.h4 h5 5.Bc4 Nf6 6.f3 O-O 7.Bg5 Nc6 8.Nge2 Na5
9.Bd3 c5 10.dxc5 dxc5 11.Ng3 Be6 12.Qd2 Nc4 13.Bxc4 Bxc4 14.Qxd8 Rfxd8 15.Kf2 Nh7
16.Be3 Nf8 17.Nf1 Ne6 18.Nd2 Ba6 19.Nd5 Rd7 20.c3 b6 21.Nb3 Bc4 22.Nf4 Nxf4
23.Bxf4 Rad8 24.Rac1 Kh7 25.Rc2 e5 26.Be3 f5 27.Bg5 Rf8 28.Rd2 Rxd2+ 29.Nxd2 Be6
30.exf5 gxf5 31.Re1 Rf7 32.a3 Rd7 33.Re2 a5 34.Nf1 a4 35.Rd2 Rxd2+ 36.Nxd2 Bf8
37.Bd8 b5 38.Bc7 Bg7 39.Bd6 c4 40.g3 Kg6 41.Nf1 Kf6 42.f4 exf4 43.Bxf4 Bd5
44.Nd2 Ke6 45.Nf1 Be4 46.Ne3 Bd3 47.Ke1 b4 48.cxb4 Bxb2 49.b5 Bc3+ 50.Kd1 Ba5
51.Nc2 Bxc2+ 52.Kxc2 Kd5 53.Be3 Bc7 54.Bf2 Be5 55.b6 Kc6 56.Kb1 Bg7 57.Kc2 Bf6
58.Be3 Bh8 59.Kb1 Be5 60.Bf2 Bd6 61.Kb2 Kd5 62.Kc3 Bxa3 63.b7 Bd6 64.Ba7 Be5+
65.Kc2 Bxg3 66.b8=Q Bxb8 67.Bxb8 a3 68.Kc3 Ke4 69.Ba7 f4 70.Bc5 f3 71.Bf2 a2
72.Kb2 Kd3 73.Kxa2 Ke2 74.Bg3 f2 75.Bxf2 Kxf2 76.Kb2 Kg3 77.Kc3 Kxh4 78.Kxc4 Kg3  0-1

[Event "BEL-chT9697"]
[Site "BEL"]
[Date "1997.??.??"]
[Round "1"]
[White "Paavilainen, Jorma"]
[Black "Cekro, Ekrem"]
[Result "1/2-1/2"]
[WhiteElo "2330"]
[BlackElo "2410"]

1.e4 g6 2.d4 Bg7 3.Nc3 d6 4.Nf3 Nd7 5.Be2 c6 6.a4 a5 7.O-O Qc7 8.Be3 Ngf6
9.h3 O-O 10.Re1 Re8 11.Bf1 e5 12.Qd2 Nf8 13.Rad1 Be6 14.Bg5 Rad8 15.g3 Bc8
16.Bg2 Ne6 17.Be3 b6 18.Qc1 Bb7 19.Kh2 Ba8 20.b3 Qb8 21.dxe5 dxe5 22.Rxd8 Rxd8
23.Rd1 Ne8 24.Rxd8 Qxd8 25.Qd2 Nd4 26.Nxd4 exd4 27.Ne2 c5 28.c3 Nd6 29.cxd4 cxd4
30.Bxd4 Nxe4 31.Qe3 Bxd4 32.Qxd4  1/2-1/2

[Event "BEL-chT9697"]
[Site "BEL"]
[Date "1997.??.??"]
[Round "4"]
[White "Riemens, Albert"]
[Black "Luminet, Denis"]
[Result "1/2-1/2"]
[WhiteElo "2180"]
[BlackElo "2295"]

1.e4 g6 2.d4 Bg7 3.Nc3 d6 4.g3 Nf6 5.Bg2 O-O 6.Nge2 Nbd7 7.O-O c5 8.h3 a6
9.a4 Qc7 10.Be3 cxd4 11.Bxd4 Re8 12.Qd2 Ne5 13.b3 Bxh3 14.Bxe5 Bxg2 15.Bxf6 Bxf1
16.Bxg7 Bxe2 17.Nd5 Qd8 18.Bd4 Bg4 19.Qg5 e5 20.Nf6+ Kg7 21.Nxe8+  1/2-1/2

[Event "BEL-chT9697"]
[Site "BEL"]
[Date "1997.??.??"]
[Round "6"]
[White "Soetewey, Steven"]
[Black "Van Hoolandt, Patrick"]
[Result "0-1"]
[WhiteElo "2145"]
[BlackElo "2105"]

1.d4 g6 2.e4 Bg7 3.Nc3 d6 4.Be3 Nf6 5.Qd2 Ng4 6.Bf4 Nc6 7.f3 e5 8.dxe5 dxe5
9.Qxd8+ Nxd8 10.Bd2 Nf6 11.O-O-O c6 12.Bc4 b5 13.Bb3 a5 14.a4 b4 15.Nce2 Ba6
16.Be3 Nb7 17.g4 h6 18.Ng3 Ke7 19.Nh3 Rad8 20.g5 Nd7 21.gxh6 Bxh6 22.Bxh6 Rxh6
23.Ng5 Ndc5 24.Bxf7 Rxd1+ 25.Kxd1 Nxa4 26.Kc1 Nd6 27.Be6 Nc5 28.Bg4 Nc4 29.Nh3 Ne3
30.Nf2 a4 31.h4 b3 32.c3 Bc4 33.h5 gxh5 34.Bxh5 Rh8 35.Re1 Ng2 36.Rd1 Nf4
37.Nf5+ Kf6 38.Rd6+ Kg5 39.Ne3 Nfd3+ 40.Nxd3 Nxd3+ 41.Kd2 Nxb2  0-1

[Event "BEL-chT9697"]
[Site "BEL"]
[Date "1997.??.??"]
[Round "7"]
[White "Aubel, Jochem"]
[Black "Van Hoolandt, Patrick"]
[Result "1-0"]
[WhiteElo "2290"]
[BlackElo "2105"]

1.d4 g6 2.e4 d6 3.Nc3 Bg7 4.Be3 Nf6 5.h3 c6 6.f4 O-O 7.Nf3 b5 8.e5 Nd5 9.Nxd5 cxd5
10.Bd3 Nc6 11.O-O Qb6 12.Qe1 f6 13.exd6 exd6 14.f5 Bxf5 15.Bxf5 gxf5 16.Nh4 Ne7
17.Nxf5 Nxf5 18.Rxf5 Rae8 19.Qd2 Re4 20.Raf1 Qc6 21.R1f3 Qe8 22.Rg3 Qe6 23.Rff3 f5
24.Bh6 Rf7 25.Qg5 Qe7 26.Rxf5  1-0

[Event "BEL-chT9697"]
[Site "BEL"]
[Date "1997.??.??"]
[Round "8"]
[White "Vanderstricht, Geert"]
[Black "Luminet, Denis"]
[Result "1/2-1/2"]
[WhiteElo "2205"]
[BlackElo "2295"]

1.d4 d6 2.e4 g6 3.Nc3 Bg7 4.Be3 Nf6 5.f3 Nbd7 6.Qd2 c5 7.Nge2 Qa5 8.g4 b5
9.g5 b4 10.gxf6 bxc3 11.Qxc3 Qxc3+ 12.Nxc3 Bxf6 13.Nd5 Bh4+ 14.Kd2 O-O 15.dxc5 Nxc5
16.b4 Na4 17.Bb5 Nb6 18.Nxb6 axb6 19.a4 Rb8 20.Ra3 f5 21.Rc3 f4 22.Bd4 e5
23.Rxc8 Rfxc8 24.Bb2 Bf2 25.Bd7 Rc7 26.Be6+ Kf8 27.Bd5 Ke7 28.c4 Kf6 29.Bc3 h6
30.Ra1 Ra7 31.Ke2 Be3 32.Bc6 Bd4 33.Bxd4 exd4 34.Kd3 Ke5 35.Bd5 g5 36.h3 Re8
37.Bc6 Rc8 38.Bd5 Re8 39.Bc6 Rc8 40.Bd5 Rb8 41.Bc6  1/2-1/2

[Event "BEL-chT9697"]
[Site "BEL"]
[Date "1997.??.??"]
[Round "11"]
[White "Van Houtte, Thierry"]
[Black "Tonoli, Peter"]
[Result "1-0"]
[WhiteElo "2215"]
[BlackElo "2155"]

1.e4 g6 2.d4 Bg7 3.Nc3 d6 4.f4 e5 5.dxe5 dxe5 6.Qxd8+ Kxd8 7.Bc4 Be6 8.Bxe6 fxe6
9.Nf3 Nc6 10.fxe5 h6 11.O-O Nxe5 12.Nxe5 Bxe5 13.Rf8+  1-0

[Event "Jugometal (Women)"]
[Site "Belgrade"]
[Date "1997.??.??"]
[Round "1"]
[White "Vuksanovic, Sanja"]
[Black "Petrovic, Marija"]
[Result "0-1"]
[WhiteElo "2260"]
[BlackElo "2300"]

1.e4 g6 2.d4 Bg7 3.Nc3 d6 4.Nf3 Nf6 5.Be2 O-O 6.O-O a6 7.h3 b5 8.e5 Nfd7
9.Bf4 Nc6 10.exd6 cxd6 11.Qd2 Re8 12.Rad1 Nf6 13.d5 Na5 14.Bh6 Bh8 15.Qf4 Bf5
16.Nd4 Bd7 17.b4 Rc8 18.Qf3 Nc4 19.Rfe1 Qc7 20.Ne4 Nb2 21.Nxf6+ Bxf6 22.Rd2 Qc3
23.Qxc3 Rxc3 24.Nc6 Bxc6 25.dxc6 Rxc6 26.Bf3 Rcc8 27.Rde2 Rc7 28.Rb1 Na4
29.Rbe1 Rec8 30.g4 Nc3 31.Re3 Nxa2 32.g5 Be5 33.Bg4 e6 34.h4 Nxb4 35.Rxe5 dxe5
36.h5 Nxc2 37.Rxe5 Nd4 38.hxg6 hxg6 39.Kg2 Nf5 40.Bxf5 exf5  0-1

[Event "Bello Horizonte Centenario op"]
[Site "Bello Horizonte"]
[Date "1997.??.??"]
[Round "4"]
[White "Cardoso, Carlos Alberto"]
[Black "Fontes, Carlos Henrique"]
[Result "1/2-1/2"]
[WhiteElo "2195"]
[BlackElo "2310"]

1.e4 g6 2.d4 d6 3.Nc3 Bg7 4.Nf3 Nf6 5.Bc4 O-O 6.Qe2 c6 7.a4 d5 8.Bd3 dxe4
9.Nxe4 Nxe4 10.Qxe4 Bf5  1/2-1/2

[Event "Berliner Sommer"]
[Site "Berlin"]
[Date "1997.??.??"]
[Round "4"]
[White "Hertneck, Gerald"]
[Black "Hillarp Persson, Tiger"]
[Result "1/2-1/2"]
[WhiteElo "2525"]
[BlackElo "2445"]

1.d4 g6 2.e4 Bg7 3.Nc3 d6 4.Be3 a6 5.a4 Nf6 6.Nf3 O-O 7.h3 b6 8.Bd3 Bb7 9.O-O e6
10.Re1 h6 11.Qd2 Kh7 12.Bf4 Nc6 13.d5 Ne7 14.Bc4 e5 15.Bg3 Nh5 16.Bh4 f5
17.exf5 gxf5 18.Nd4 exd4 19.Bxe7 dxc3 20.Qd1 cxb2 21.Rb1 Qd7 22.Qxh5 Qxa4
23.Bd3 Qe8 24.Qf3 Qf7 25.Bxf8 Rxf8 26.c4 b5 27.Re2 Rh8 28.Rexb2 Bxb2 29.Rxb2 Qg7
30.Rb1 Qe5 31.cxb5 Bxd5 32.Qh5 Qg7 33.Bf1 axb5 34.Rxb5 c6 35.Rb4 f4 36.Kh2 Qg5
37.Qd1 Rg8 38.Qd4 Qe5 39.Qxf4 Qxf4+ 40.Rxf4 Kg7 41.Kg3 c5 42.Rg4+ Kf6 43.Rxg8 Bxg8
44.Kf4 d5 45.g4 Bh7 46.Ke3 Ke6  1/2-1/2

[Event "Berliner Sommer"]
[Site "Berlin"]
[Date "1997.??.??"]
[Round "6"]
[White "Christ, Ralf"]
[Black "Seul, Georg"]
[Result "0-1"]
[WhiteElo "2270"]
[BlackElo "2425"]

1.e4 d6 2.d4 g6 3.Nc3 Bg7 4.Be3 c6 5.Qd2 b5 6.Nf3 Nd7 7.Bd3 Qc7 8.O-O Ngf6
9.h3 O-O 10.a4 b4 11.Ne2 c5 12.b3 cxd4 13.Nfxd4 Nc5 14.Ng3 Bb7 15.Rae1 Ncxe4
16.Nxe4 Bxe4 17.Bxe4 Nxe4 18.Qxb4 Nc3 19.Bd2 Nd5 20.Qb5 e6 21.Qd3 Qb6 22.Nb5 a6
23.c4 axb5 24.cxd5 bxa4 25.dxe6 axb3 26.exf7+ Rxf7 27.Re7 Rxe7 28.Qd5+ Rf7
29.Qxa8+ Rf8 30.Qd5+ Kh8 31.Be3 Qb4 32.Bd2 Qd4 33.Qg5 h6 34.Qa5 b2 35.Be3 Qe4
36.Qb5 Ra8  0-1

[Event "Berliner Sommer"]
[Site "Berlin"]
[Date "1997.??.??"]
[Round "7"]
[White "Wiersma, Eelke"]
[Black "Muse, Mladen"]
[Result "0-1"]
[WhiteElo "2300"]
[BlackElo "2460"]

1.e4 g6 2.d4 Bg7 3.Nc3 d6 4.f4 f5 5.Nf3 fxe4 6.Nxe4 Nf6 7.Nf2 O-O 8.Bc4+ d5
9.Be2 c5 10.O-O cxd4 11.Nxd4 Nc6 12.Be3 Qd6 13.Qd2 Bf5 14.Rad1 Ne4 15.Nxf5 Nxd2
16.Nxd6 Nxf1 17.Kxf1 exd6 18.Rxd5 Bxb2 19.Rxd6 Rad8 20.Ne4 Rxd6 21.Nxd6 Bd4
22.Kf2 Rxf4+ 23.Bf3 Ne5 24.Nxb7 Ng4+ 25.Kg3 Bxe3 26.Bxg4 h5 27.Bf3 g5 28.c4 Kf8
29.c5 g4 30.Bd5 Rf5  0-1

[Event "Berliner Sommer"]
[Site "Berlin"]
[Date "1997.??.??"]
[Round "7"]
[White "Fogarasi, Tibor"]
[Black "Heck, Norbert"]
[Result "0-1"]
[WhiteElo "2475"]
[BlackElo "2355"]

1.e4 g6 2.d4 Bg7 3.Nc3 d6 4.Be3 Nf6 5.h3 c6 6.f4 O-O 7.Nf3 d5 8.e5 Ne8 9.Bd3 f6
10.O-O Nc7 11.Ne2 fxe5 12.fxe5 Bf5 13.Bxf5 Rxf5 14.Qd2 Ne6 15.Ng5 Nxg5 16.Bxg5 Rxf1+
17.Rxf1 c5 18.Bh6 Nd7 19.Bxg7 Kxg7 20.Nf4 Nf8 21.e6 Qd6 22.Nh5+ Kg8 23.Qh6 gxh5
24.Rf7 Qg3 25.Rf5 Qg7  0-1

[Event "Berliner Sommer"]
[Site "Berlin"]
[Date "1997.??.??"]
[Round "8"]
[White "Klovans, Janis"]
[Black "Thiede, Lars"]
[Result "1/2-1/2"]
[WhiteElo "2465"]
[BlackElo "2335"]

1.e4 g6 2.d4 Bg7 3.Nc3 d6 4.f4 a6 5.Nf3 Nd7 6.Be3 b5 7.d5 Ngf6 8.Nd4 O-O
9.e5 dxe5 10.Nc6 Qe8 11.fxe5 b4 12.Nxb4 Nxe5 13.Bd4 Nfd7 14.Be2 a5 15.Nc6 Nxc6
16.Bxg7 Kxg7 17.dxc6 Ne5 18.Qd4 f6 19.Bb5 Ba6 20.Ba4 Qb8 21.O-O-O Rd8 22.Qf2 Rxd1+
23.Rxd1 Bc4 24.a3 Bf7 25.Qc5 Nc4 26.Bb3 Qb6 27.Qxe7 Re8 28.Qd7 Ne5 29.Qd4 Bxb3
30.Qxb6 cxb6 31.cxb3 Rc8 32.Rd6 Rxc6 33.Rxc6 Nxc6 34.Nd5 b5 35.Kd2 f5 36.Kd3 g5
37.Nc7 b4 38.Kc4 Kf6 39.Nd5+ Ke5 40.axb4 axb4 41.Kc5 Nd4 42.Nxb4 Nxb3+ 43.Kc4 Nd2+
44.Kd3 Nf1 45.h3 f4 46.Nc2 h5 47.b4 g4 48.h4 Ng3 49.Nd4 Ne4 50.Nc6+ Kd5 51.Ne7+ Ke5
52.Ng6+ Kf5  1/2-1/2

[Event "Berliner Sommer"]
[Site "Berlin"]
[Date "1997.??.??"]
[Round "8"]
[White "Suhl, Dirk"]
[Black "Hillarp Persson, Tiger"]
[Result "1-0"]
[WhiteElo "2300"]
[BlackElo "2445"]

1.d4 g6 2.e4 Bg7 3.Nc3 d6 4.Be3 a6 5.Qd2 Nd7 6.a4 b6 7.Bc4 e6 8.h4 h6 9.Nge2 Bb7
10.Ba2 Ndf6 11.f3 Ne7 12.g4 d5 13.e5 Nd7 14.Nd1 c5 15.c3 h5 16.Bg5 Qc7 17.Nf2 Nc6
18.f4 f6 19.exf6 Nxf6 20.Qe3 Qd6 21.dxc5 bxc5 22.O-O-O Qe7 23.gxh5 gxh5 24.Nd3 c4
25.Ne5 Nxe5 26.fxe5 Ng4 27.Qb6 Qd7 28.Nf4 Bc8 29.Bb1 Bxe5 30.Nxd5 Rb8 31.Rhf1 Rg8
32.Qc5 Bd6 33.Nf6+ Nxf6 34.Rxd6 Qb7 35.Rxf6 Qxb2+ 36.Kd1 Qxb1+ 37.Ke2 Qe4+
38.Qe3 Rb2+ 39.Rd2 Qg2+ 40.Rf2 Qg4+ 41.Rf3 Rxd2+ 42.Kxd2 Rg7 43.Qf2 Kd7 44.Rf4 Rxg5
45.hxg5 Qxg5 46.Kc2 Bb7 47.Qd2+  1-0

[Event "Biel op MTO"]
[Site "Biel"]
[Date "1997.??.??"]
[Round "1"]
[White "Zollbrecht, Josef"]
[Black "Sturua, Zurab"]
[Result "0-1"]
[WhiteElo "2295"]
[BlackElo "2585"]

1.e4 g6 2.d4 Bg7 3.Nc3 d6 4.g3 Nd7 5.Bg2 Ngf6 6.Nge2 O-O 7.O-O e5 8.h3 Re8
9.Be3 c6 10.Qd2 exd4 11.Bxd4 c5 12.Be3 Ne5 13.Qc1 Bd7 14.Rd1 Qc8 15.Kh2 b5
16.b3 Bc6 17.Rxd6 b4 18.Bg5 Nfg4+ 19.hxg4 Nxg4+ 20.Kg1 bxc3 21.f3 Bb5 22.Qe1 h6
23.Bf4 g5 24.Nxc3 gxf4 25.Nxb5 Ne3 26.Rc1 Qb8 27.c4 a6 28.Rd2 axb5 29.gxf4 Qxf4
30.cxb5 Be5 31.Kf2  0-1

[Event "Biel op MTO"]
[Site "Biel"]
[Date "1997.??.??"]
[Round "3"]
[White "Scetinin, Alexander"]
[Black "Seul, Georg"]
[Result "1/2-1/2"]
[WhiteElo "2305"]
[BlackElo "2425"]

1.e4 d6 2.d4 g6 3.Nc3 Bg7 4.Be2 Nf6 5.Be3 c6 6.Qd2 b5 7.f3 Nbd7 8.h4 h5 9.Nh3 Qc7
10.Ng5 a6 11.O-O Nb6 12.b3 O-O 13.Nd1 c5 14.c3 Nh7 15.Nxh7 Kxh7 16.Nf2 Bd7
17.Rac1 a5 18.g4 hxg4 19.fxg4 c4 20.Nh3 cxb3 21.axb3 a4 22.bxa4 Rxa4 23.h5 gxh5
24.Ng5+ Kg8 25.gxh5 Nc4 26.Bxc4 Qxc4 27.Rf2 Bf6 28.e5 dxe5 29.Rxf6 exf6 30.Ne4 Kh8
31.Nxf6 Ra2 32.Rc2 Ra1+ 33.Rc1 Rxc1+ 34.Qxc1 Qe2 35.Bf2 Rg8+ 36.Nxg8 Qg4+
37.Kf1 Be6 38.Qe3 Kxg8 39.Qxe5 Kh7 40.Ke1 Bb3 41.Be3 Bc4 42.Kf2  1/2-1/2

[Event "Biel op MTO"]
[Site "Biel"]
[Date "1997.??.??"]
[Round "3"]
[White "Cherniaev, Alexander"]
[Black "Bujupi, Fatmir"]
[Result "1-0"]
[WhiteElo "2480"]
[BlackElo "2240"]

1.e4 g6 2.d4 Bg7 3.Nc3 d6 4.Be3 Nf6 5.f3 Nc6 6.Qd2 a6 7.Nge2 e5 8.O-O-O O-O
9.Bh6 Nxd4 10.Nxd4 exd4 11.Bxg7 dxc3 12.Qh6 cxb2+ 13.Kb1 Re8 14.g4 Bxg4 15.fxg4 Nxg4
16.Qf4 Kxg7 17.Qxg4 Qe7 18.Bg2 a5 19.Rd5 c6 20.Rd3 Rad8 21.Qg3 Qe5 22.Rhd1 Qxg3
23.hxg3 Re6 24.c4 b6 25.R1d2 Kf6 26.Rxb2 Rb8 27.Rf3+ Ke5 28.Rxf7 h5 29.Rc7 c5
30.Rc6 Kd4 31.Rd2+ Kc3 32.Rc2+ Kd4 33.a4 g5 34.Kb2 h4 35.gxh4 gxh4 36.e5 Kxe5
37.Bd5 Rh6 38.Rc7 h3 39.Re7+ Kf6 40.Re6+ Kg7 41.Rxh6 Kxh6 42.Rh2 Kg5 43.Rxh3 Kf4
44.Rh6 Re8 45.Rxd6 Re2+ 46.Kc3 Re3+ 47.Kd2 Ra3 48.Bc6  1-0

[Event "Biel op MTO"]
[Site "Biel"]
[Date "1997.??.??"]
[Round "6"]
[White "Tischbierek, Raj"]
[Black "Adianto, Utut"]
[Result "1/2-1/2"]
[WhiteElo "2515"]
[BlackElo "2610"]

1.e4 g6 2.d4 Bg7 3.Nc3 d6 4.Nf3 Bg4 5.Be3 Nc6 6.Bb5 a6 7.Bxc6+ bxc6 8.O-O e5
9.dxe5 Bxe5 10.h3 Bxf3 11.Qxf3 Qf6 12.Qd1 Ne7 13.Ne2 g5 14.c3 Qg6 15.Bd4 Qxe4
16.Ng3 Qg6 17.Bxe5 dxe5 18.Re1 Qe6 19.Qh5 Ng6 20.Qxg5 f6 21.Qh5 O-O 22.Qf5 Qxf5
23.Nxf5 Rfd8 24.Rad1 Kf7 25.g3 Ne7 26.Ne3 Rxd1 27.Rxd1 Ke6 28.Kf1 Rb8 29.Rd2 h5
30.h4 Nf5 31.Nxf5 Kxf5 32.Ke2 Ke6 33.b3 Rg8 34.Rd3 f5 35.c4 a5 36.Kd2 Rf8
37.Kc3 f4 38.b4 e4 39.Rd2 fxg3 40.fxg3 Rf3+ 41.Kd4 axb4 42.Kxe4 Rxg3 43.Kd4 Kd6
44.c5+ Ke6 45.Re2+ Kf6 46.Rf2+ Kg6 47.Ke5 Re3+ 48.Kd4 Rh3 49.Ke5 Re3+ 50.Kd4 Rh3
51.Ke5  1/2-1/2

[Event "Biel op MTO"]
[Site "Biel"]
[Date "1997.??.??"]
[Round "9"]
[White "Tseitlin, Mark D"]
[Black "Seul, Georg"]
[Result "1-0"]
[WhiteElo "2530"]
[BlackElo "2425"]

1.e4 d6 2.d4 g6 3.Nc3 Bg7 4.f4 Nc6 5.Be3 Nf6 6.Nf3 O-O 7.Qd2 Bg4 8.e5 dxe5
9.dxe5 Qxd2+ 10.Nxd2 Nd7 11.h3 Be6 12.O-O-O Bh6 13.g4 f6 14.Nc4 Rfd8 15.exf6 exf6
16.Nd5 Bxd5 17.Rxd5 Nb6 18.Nxb6 axb6 19.Bc4 Rxd5 20.Bxd5+ Kf8 21.Bd2 Rd8
22.Bg2 Re8 23.Kd1 Rd8 24.Rf1 Bg7 25.c3 Rd7 26.Kc2 Nd8 27.a4 Kf7 28.b4 Bf8
29.Be4 Bd6 30.h4 Re7 31.Bd3 Kg7 32.Rf3 Nf7 33.c4 Nd8 34.Bc3 Kf7 35.f5 Be5
36.g5 gxf5 37.gxf6 Re8 38.Rxf5 Bxc3 39.Kxc3 h6 40.c5 bxc5 41.Rxc5 c6 42.Rf5 Rg8
43.Bc4+ Kg6 44.Rf4 Rf8 45.f7 b6 46.Rg4+  1-0

[Event "Bourbon Lancy op"]
[Site "Bourbon Lancy"]
[Date "1997.??.??"]
[Round "5"]
[White "Sokolov, Andrei"]
[Black "Shchekachev, Andrei"]
[Result "1/2-1/2"]
[WhiteElo "2585"]
[BlackElo "2510"]

1.e4 d6 2.d4 g6 3.Nc3 Bg7 4.Be3 c6 5.Qd2 b5 6.a4 b4 7.Nd1 Nf6 8.Bd3 Ng4 9.Qxb4 Nxe3
10.fxe3 O-O 11.Nf3 c5 12.Qd2 Nc6 13.c3 Qb6 14.O-O e5 15.dxc5 dxc5 16.Qe2 Na5
17.b4 cxb4 18.cxb4 Qxb4 19.Rb1 Qa3 20.Nf2 Qe7 21.Qd2 Nc6 22.Rfc1 Nd8 23.Bc4 Be6
24.Ba6 Qd7 25.Qa5 Qd6 26.Rd1 Qa3 27.Rd3 Qe7 28.Rc3 Qd6 29.Rd3 Qe7 30.Rc3 Qd6
31.Rd3  1/2-1/2

[Event "Doprastav op"]
[Site "Bratislava"]
[Date "1997.??.??"]
[Round "1"]
[White "Soos, Vladimir"]
[Black "Lukac, Stefan"]
[Result "1-0"]
[WhiteElo "1685"]
[BlackElo "1935"]

1.e4 d6 2.d4 g6 3.Nc3 Bg7 4.f4 Nf6 5.Nf3 O-O 6.Bc4 e6 7.O-O c6 8.h3 b5 9.Bd3 d5
10.e5 Nfd7 11.Qe1 a5 12.a3 Nb6 13.g4 f6 14.Qh4 f5 15.gxf5 Qxh4 16.Nxh4 gxf5
17.Kf2 Ra7 18.Rg1 Kh8 19.b3 a4 20.Bd2 Rff7 21.Rg2 Bf8 22.Rag1 Rg7 23.b4 Rxg2+
24.Rxg2 Rg7 25.Be2 Be7 26.Rxg7 Kxg7 27.Kg3 Bd7 28.Nd1 Be8 29.Nf2 N8d7 30.Nd3 Nc4
31.Bc1 Ncb6 32.Bd2 Nf8 33.Bc1 Nbd7 34.Ne1 Kh6 35.Bd2 Bh5 36.Bxh5 Kxh5 37.Nhf3 Nb6
38.Nd3 Nc4 39.Bc1 Nd7 40.Ng5 Nf8 41.Nf3 h6 42.Nc5 Bxc5 43.dxc5 Kg6 44.Nd4 Kf7
45.Nxc6 Nd7 46.Nd4 Nb8 47.Nxb5 Nc6 48.c3 Ke7 49.Nd6 Nxa3 50.Bxa3 d4 51.cxd4 Nxd4
52.b5 Nc2 53.Nc4 Kd7 54.c6+ Kc7 55.Bd6+  1-0

[Event "Slovan op"]
[Site "Bratislava"]
[Date "1997.??.??"]
[Round "2"]
[White "Manik, Mikulas"]
[Black "Hebelka, Milos"]
[Result "0-1"]
[WhiteElo "2455"]
[BlackElo "2140"]

1.e4 d6 2.d4 g6 3.Nc3 Bg7 4.Be3 Nc6 5.Qd2 e5 6.Nge2 Nf6 7.f3 O-O 8.O-O-O h5
9.h3 exd4 10.Nxd4 Nxd4 11.Bxd4 h4 12.Bc4 Kh7 13.Qg5 Bh6  0-1

[Event "Doprastav op"]
[Site "Bratislava"]
[Date "1997.??.??"]
[Round "5"]
[White "Kubon, Kamil"]
[Black "Feiler, Peter"]
[Result "1/2-1/2"]
[WhiteElo "1760"]
[BlackElo "1655"]

1.e4 d6 2.d4 g6 3.Nc3 Bg7 4.Nf3 Bg4 5.Be2 Nf6 6.O-O O-O 7.Be3 Nbd7 8.Qd2 Re8
9.Rad1 e5 10.d5 a6 11.h3 Bxf3 12.Bxf3 Rf8 13.Bg5 Qc8 14.Rfe1 Kh8 15.Kh2 Ng8
16.Rh1 f5 17.exf5 gxf5 18.Qe1 h6 19.Bc1 Ndf6 20.Kg1 Ne7 21.Be3 Ng6 22.Be2 Qd7  1/2-1/2

[Event "Slovan op"]
[Site "Bratislava"]
[Date "1997.??.??"]
[Round "5"]
[White "Biro, Karol"]
[Black "Hebelka, Milos"]
[Result "1/2-1/2"]
[WhiteElo "2210"]
[BlackElo "2140"]

1.d4 g6 2.e4 Bg7 3.Nc3 d6 4.Be3 Nd7 5.Qd2 c6 6.f3 b5 7.h4 h5 8.Nh3 Ngf6 9.Nf2 Nb6
10.b3 b4 11.Ncd1 a5 12.a3 bxa3 13.Rxa3 a4 14.bxa4 Rxa4 15.Rxa4 Nxa4 16.Be2 O-O
17.g4 c5 18.c3 Bd7 19.Bh6 cxd4 20.Bxg7 Kxg7 21.cxd4 e5 22.Ne3 Qb6 23.dxe5 dxe5
24.g5 Nxe4 25.fxe4 Be6 26.O-O Rd8 27.Nd5 Bxd5 28.exd5 e4 29.Qf4 Rxd5 30.Qxe4 Nc3
31.Qf3 Qc5 32.Qf6+ Kg8 33.Bf3 Rf5 34.Qd8+ Kg7 35.Qd3 Nd5 36.Bxd5 Rxd5 37.Qf3 Rf5
38.Qg3 Qc4 39.Re1 Rf4 40.Rd1 Kh7 41.Rd7 Rf5 42.Rc7 Qe2 43.Rc1 Rf3 44.Qg2 Qe3
45.Rc7 Rg3 46.Rxf7+ Kg8 47.Rf6 Kg7 48.Kh2 Rxg2+ 49.Kxg2 Qc5 50.Rf4 Qc1 51.Rf6 Qd2
52.Rf3 Qd5 53.Kg3 Qd6+ 54.Kg2 Qc6 55.Kg3 Qc4 56.Rf4 Qc7 57.Kf3 Qc1 58.Kg3 Qc7
59.Kf3 Qd6 60.Kg3  1/2-1/2

[Event "Bratto op"]
[Site "Bratto"]
[Date "1997.??.??"]
[Round "6"]
[White "Guido, Flavio"]
[Black "Efimov, Igor"]
[Result "0-1"]
[WhiteElo "2300"]
[BlackElo "2530"]

1.e4 g6 2.d4 Bg7 3.Nc3 d6 4.Be3 a6 5.Qd2 b5 6.Bd3 Bb7 7.a4 b4 8.Nd1 a5 9.c3 bxc3
10.bxc3 Nd7 11.Ne2 Ngf6 12.f3 O-O 13.O-O e5 14.d5 Nc5 15.Bxc5 dxc5 16.Rb1 Ra7
17.Rb5 c6 18.dxc6 Bxc6 19.Rxc5 Bxe4 20.Nf2 Bxd3 21.Qxd3 Rd7 22.Qb5 Rd2 23.Ng3 Nd7
24.Rd5 Rxd5 25.Qxd5 Qc7 26.Nge4 Rb8 27.Rd1 Nf6 28.Nxf6+ Bxf6 29.Ne4 Be7 30.Nd6 Rd8
31.Qxf7+ Kh8  0-1

[Event "Bratto op"]
[Site "Bratto"]
[Date "1997.??.??"]
[Round "8"]
[White "Ferretti, Folco"]
[Black "Everet, Alexandor"]
[Result "0-1"]
[WhiteElo "2255"]
[BlackElo "2135"]

1.e4 g6 2.d4 Bg7 3.Nc3 d6 4.Nge2 Nf6 5.g3 O-O 6.Bg2 e5 7.h3 Nc6 8.Be3 b6
9.O-O Bb7 10.f4 Nh5 11.fxe5 dxe5 12.d5 Na5 13.Qd3 Qc8 14.b4 Ba6 15.b5 Bb7
16.g4 Nf6 17.Ng3 Ne8 18.Qe2 Nd6 19.h4 a6 20.a4 Qd7 21.Rab1 axb5 22.axb5 Nac4
23.Bc1 Bc8 24.Bf3 Qe7 25.Kg2 Qxh4 26.Rh1 Qe7 27.Bh6 Bxh6 28.Rxh6 f6 29.Rbh1 Rf7
30.g5 fxg5 31.Nd1 Ra3 32.Bg4 Bxg4 33.Qxg4 Qf6 34.c3 Rxc3 35.Nf5 Rc2+ 36.Kg1 gxf5
37.Qh5 Qg7 38.Rh3 Nxe4 39.Re6 Nf6  0-1

[Event "Ciocaltea mem"]
[Site "Bucharest"]
[Date "1997.??.??"]
[Round "1"]
[White "Moldovan, Daniel"]
[Black "Itkis, Boris"]
[Result "0-1"]
[WhiteElo "2435"]
[BlackElo "2440"]

1.e4 g6 2.d4 Bg7 3.Nc3 d6 4.Nge2 Nf6 5.g3 Na6 6.Bg2 c5 7.O-O O-O 8.h3 cxd4
9.Nxd4 Nc5 10.Be3 Bd7 11.Kh2 Rc8 12.Nb3 b6 13.Qd2 Na4 14.Nxa4 Bxa4 15.Rad1 Qc7
16.c3 Qc4 17.Qc2 Nd7 18.Ra1 Nc5 19.Bxc5 bxc5 20.Qd2 Rb8 21.Rfe1 Bxb3 22.axb3 Qxb3
23.Re2 Qb6 24.Qd1 Rfc8 25.Ra4 Rc7 26.Qa1 Qb5 27.Bf1 Qd7 28.Qa2 Rcb7 29.Ra6 h5
30.h4 Bf6 31.Rd2 Qg4 32.Ra4 Bxh4 33.e5 Qg5 34.Re2 Qc1 35.Bg2 Rxb2 36.Rxb2 Rxb2
37.Qd5 Bg5 38.exd6 exd6 39.f4 Be7 40.Rxa7 Qe3 41.f5 h4  0-1

[Event "Ciocaltea mem"]
[Site "Bucharest"]
[Date "1997.??.??"]
[Round "3"]
[White "Solak, Dragan"]
[Black "Itkis, Boris"]
[Result "0-1"]
[WhiteElo "2355"]
[BlackElo "2440"]

1.e4 g6 2.d4 Bg7 3.Nc3 d6 4.Nf3 a6 5.a4 Nf6 6.Be2 O-O 7.O-O Nc6 8.d5 Nb4
9.a5 e6 10.Bf4 exd5 11.exd5 Bf5 12.Ne1 Re8 13.Ra4 Nbxd5 14.Nxd5 Nxd5 15.Qxd5 Rxe2
16.Qxb7 Qe8 17.Ra1 Qe4 18.Qxe4 Bxe4 19.Ra4 Re8 20.Be3 Bxb2 21.Rc4 c5 22.Nd3 Bg7
23.Rc1 Bxd3 24.cxd3 Bh6 25.R4c2 R2xe3 26.fxe3 Bxe3+ 27.Kf1 Bxc1 28.Rxc1 Rb8
29.d4 Rb5 30.dxc5 dxc5 31.Ra1 h5 32.Ke2 Rb2+  0-1